000 01196nam a2200265 a 4500
001 000738720
003 AM-YeHGA
005 20250617143318.0
008 100526s1984 ru acd r 000 0 rus d
040 _aAM-YeHGA
041 0 _arus
245 0 0 _aДревности Евразии в скифо-сарматское время :
_b[Сборник статей] /
_cАН СССР, Ин-т археологии; Под ред. А.И. Мелюковой, М.Г. Мошковой, В.Г. Петренко.
260 _aМосква :
_bНаука,
_c1984.
300 _a264 с. :
_b[1] л. портр., ил.
504 _aБиблиогр. в примеч. в конце ст.
653 0 _aАрхеологические памятники - СССР
653 0 _aСкифская культура - Сборники
653 0 _aСарматская культура - Сборники
700 1 _aМелюкова, А.И.
_eред.
_4edt
700 1 _aМошкова, М.Г.
_eред.
_4edt
700 1 _aПетренко, В.Г.
_eред.
_4edt
710 2 _aАкадемия наук СССР
710 2 _aИнститут археологии АН СССР
090 _c274778
999 _c273136
_d273136